000 00497nam a2200169Ia 4500
005 20250923150032.0
008 008 250917s9999 xx 000 0 eng d
037 _aTextual
040 _aDSWL
_beng
_cDSWL
041 _aeng
_2eng
084 _qDSWL
245 0 _aPolitical culture and institutions for a world community 1998 copenhagen seminar
260 _aCopenhagen
_b Royal Danish Ministry of Foreign Affairs
_c1999
300 _a78 p.
942 _cTEXL
999 _c1458790
_d1458790